Quizzes
Events
Quiz Creation
Community
Videos
Private Events
Remove Ads
Sign In
Join for FREE
Feedback
Dark Mode
Quiz Categories
Sports
Geography
Music
Movies
Television
Just For Fun
Miscellaneous
History
Literature
Language
Science
Gaming
Entertainment
Religion
Holiday
For Kids
Quiz Lab
Recent
Popular Today
Quiz Kudos Today
Editor Picks
Curator Picks
Quizzes by...
Day
Popularity
Type
Ratings
Length
Year
Community
Subscriptions
Recent Discussions
Orange Saloon
Badges
Playlists
Quests
Create
Leaderboards
Showdown
Live 5
Trivia Bingo
Activity
Puzzle Library
Sporcle Events
Private Events
Virtual Trivia
Globe League
Become a Host
Pub Owners
SporcleCon
Opinionation
Our Games
Videos
Blog
Mobile Apps
Partnerships
Remove Ads and Go Orange
Feedback
Music
Pop Music
The Beatles
Song
Album
Lyrics
Bands
Singers
Artist
Clip
Rock
Rap
Classical
Billboard
Country Music
Kpop
Taylor Swift
Music
Pop Music
The Beatles
Song
Album
Lyrics
Bands
Singers
Artist
Clip
Rock
Rap
Classical
Billboard
Country Music
Kpop
Taylor Swift
Random Quiz
Search Sporcle
×
Quiz Lab
Quiz Lab
Music
Type in answers that appear in a list
Type in answers that appear in a list
Classic
Best Score? Go Orange.
Guess the lyrics to HO HEY Stats
Can you name the lyrics to HO HEY?
By
kendrakendra
10m
200 Questions
51 Plays
51 Plays
51 Plays
Comments
Comments
Give Quiz Kudos
Give Quiz Kudos
-
- Ratings
hide this ad
Replay
Link that replays current quiz
Next Quiz
Link to next quiz in quiz playlist
You Got
0%
They Got
Avg Score
74%
Avg Friend Score
Upgrade to see
Score Distribution
Jump to the score distribution portion of the page
Score
0/200
Timer
10:00
0
Plays Today
% Correct
ho
98%
hey
98%
ho
98%
hey
98%
ho
98%
hey
98%
ho
98%
hey
98%
ho
98%
hey
98%
ho
98%
ho
98%
hey
98%
ho
98%
hey
98%
ho
98%
hey
98%
ho
98%
hey
98%
ho
98%
hey
98%
ho
98%
hey
98%
ho
98%
hey
98%
ho
98%
hey
98%
ho
98%
hey
98%
ho
98%
hey
98%
ho
98%
hey
98%
I
96.1%
i
96.1%
i
96.1%
i
96.1%
i
96.1%
i
96.1%
i
96.1%
i
96.1%
i
96.1%
i
96.1%
i
96.1%
i
96.1%
i
96.1%
a
90.2%
90.2%
90.2%
90.2%
90.2%
90.2%
a
90.2%
90.2%
90.2%
90.2%
a
90.2%
90.2%
90.2%
and
90.2%
be
88.2%
be
88.2%
to
84.3%
my
84.3%
my
84.3%
my
84.3%
my
84.3%
% Correct
to
84.3%
my
84.3%
my
84.3%
my
84.3%
my
84.3%
do
82.4%
i've
80.4%
been
80.4%
it
80.4%
I've
80.4%
been
80.4%
i've
80.4%
been
80.4%
i've
80.4%
been
80.4%
me
80.4%
me
80.4%
me
80.4%
been
80.4%
me
80.4%
me
80.4%
me
80.4%
it
80.4%
me
80.4%
me
80.4%
trying
78.4%
right
78.4%
you
78.4%
you
78.4%
you
78.4%
you
78.4%
right
78.4%
you
78.4%
you
78.4%
you
78.4%
you
78.4%
you
78.4%
you
78.4%
you
78.4%
you
78.4%
in
76.5%
in
76.5%
belong
76.5%
belong
76.5%
with
76.5%
belong
76.5%
with
76.5%
belong
76.5%
with
76.5%
belong
76.5%
with
76.5%
belong
76.5%
with
76.5%
belong
76.5%
with
76.5%
belong
76.5%
with
76.5%
belong
76.5%
with
76.5%
belong
76.5%
with
76.5%
belong
76.5%
with
76.5%
belong
76.5%
with
76.5%
belong
76.5%
with
76.5%
% Correct
living
74.5%
life
74.5%
lonely
72.5%
bed
72.5%
bed
72.5%
sweet
72.5%
sweet
72.5%
sleeping
70.6%
here
70.6%
sleeping
70.6%
sleeping
70.6%
family
70.6%
so
68.6%
show
68.6%
so
68.6%
instead
66.7%
don't
58.8%
don't
58.8%
sweetheart
58.8%
don't
58.8%
sweetheart
58.8%
sweetheart
58.8%
sweetheart
58.8%
you're
56.9%
you're
56.9%
you're
56.9%
you're
56.9%
you're
56.9%
you're
56.9%
you're
56.9%
know
52.9%
know
52.9%
we
52.9%
where
49%
where
49%
think
49%
can
47.1%
went
45.1%
write
45.1%
song
45.1%
for
45.1%
for
45.1%
wrong
43.1%
him
43.1%
but
39.2%
might
39.2%
have
39.2%
now
37.3%
now
37.3%
standing
35.3%
standing
35.3%
on
33.3%
next
29.4%
let's
29.4%
canal
27.5%
love
27.5%
need
27.5%
hope
27.5%
at
25.5%
some
25.5%
were
23.5%
she'd
21.6%
i'd
19.6%
bleeding
19.6%
look
17.6%
Valerie
9.8%
Quiz Playlist
Details
Report
Send in Message
Add To Playlist
Classic:
Type in answers that appear in a list
Last Updated: Feb 16, 2017
Quiz Scoreboard
CHALLENGE
Sign Up to Join the Scoreboard
Show All
Scores
Hide
Comments
May contain spoilers
Recently Published
Pick 6: Fruits
by JohnFran
Miscellaneous
15s
Click the 1999 NBA Draft
by nibperrychub
Sports
2m
Alphabetical 'K' Countries by Flag Minefield
by ylime102
Geography
3m
More to Explore
Quiz From the Vault
Featured Blog Post
15 Basketball Trivia Facts You Can Be March Mad About
hide this ad
You Might Also Like...
Tags
This quiz does not have any tags.
Today's Top Quizzes in Music
Browse Music
hide this ad
Top Contributed Quizzes in Music
1
Taylor Swift All Songs (2024)
2
KPOP LOGIC QUIZ
3
A Taylor Swift Logic Puzzle
4
Guess the Taylor Swift song (Mystery Song)
5
Taylor Swift Logic Puzzle
6
K-Pop Murder Mystery Logic Quiz
7
kpop group name match up
8
Guess The Taylor Swift Lyrics Song #1
9
Kpop murder mystery 1
10
K-Pop : 100 Debut Songs (Part 1 of 3)
Explore More
Trending Topics
Disney
Kpop
NBA
Harry Potter
Anime
Marvel
Crossword
The Office
Puzzle
Pokémon
Song
WWE
Country
NFL
Soccer
hide this ad
More By:
kendrakendra
Quiz
Plays
Rating
Category
Featured
Created
Guess the lyrics to HO HEY
51
1.00
Music
Aug 27, 2012
Go to Creator's Profile
Score Distribution
Quiz Creator Spotlight
kendrakendra
Follow
Send a Message
Quizzes Created
-
Created Quiz Play Count
-
More By This Creator
Popular Quizzes Today
1
Countries of Asia Without Outlines Minefield
2
Find the US States - No Outlines Minefield
3
Pick 6: Fruits
4
Alphabetical 'K' Countries by Flag Minefield
5
The Countries of the World
6
Find the US States
7
US States
8
Find the Countries of Europe - No Outlines Minefield
More Music Quizzes
aespa (에스파) 'NEXT LEVEL' English Lyrics
Quiz Lab
Trending Quizzes
Pick 6: Mountains
Pick 6: Harry Potter
Pick 6: Flags
Pick 6: NFL Teams
Pick 6: Movie Franchises
Recently Updated
NWSL Teams
pecheneg
Women's Final Four Teams by Year
bhenderson79
Presidents Quartet II
eogle
Anything But Clue(do)
eogle
Anything But Oceanian Capitals
eogle
Anything But 7
eogle
Anything But Thing
eogle
Word Ladder: February 29
pecheneg
Song Title Questions
pecheneg
Women's NCAA Tournament #1 Seeds
pecheneg
Trending Topics
Crossword
Marvel
NBA
Disney
Anime
Kpop
Harry Potter
Pokémon
Puzzle
WWE
Song
The Office
NFL
Country
Soccer
Your Account Isn't Verified!
In order to create a playlist on Sporcle, you need to verify the email address you used during registration. Go to your
Sporcle Settings
to finish the process.
Report this User
Report this user for behavior that violates our
Community Guidelines
.
Details:
Send Report
Go to the Sporcle.com Mobile Site →
Comments